Welcome to CU Library Online Public Access Catalogue (OPAC)

QuarkXPress 3.3: (Record no. 814)

MARC details
000 -LEADER
fixed length control field 00511nam a22001697a 4500
005 - DATE AND TIME OF LATEST TRANSACTION
control field 20241107133947.0
008 - FIXED-LENGTH DATA ELEMENTS--GENERAL INFORMATION
fixed length control field 241107b |||||||| |||| 00| 0 eng d
020 ## - INTERNATIONAL STANDARD BOOK NUMBER
International Standard Book Number 9781566091282
050 ## - LIBRARY OF CONGRESS CALL NUMBER
Classification number Z253.532
Item number .Q3 WEI
100 ## - MAIN ENTRY--PERSONAL NAME
Personal name Weinmann, Elaine
245 ## - TITLE STATEMENT
Title QuarkXPress 3.3:
Remainder of title Visual Quickstart Guide for Macintosh/
Statement of responsibility, etc. Elaine Weinmann
260 ## - PUBLICATION, DISTRIBUTION, ETC.
Place of publication, distribution, etc. Berkeley;
Name of publisher, distributor, etc. Peachpit Press;
Date of publication, distribution, etc. 1994
300 ## - PHYSICAL DESCRIPTION
Extent ix. 233p.;
Other physical details ill.;
Dimensions 23 cm x 17.5 cm
500 ## - GENERAL NOTE
General note Includes Index
650 ## - SUBJECT ADDED ENTRY--TOPICAL TERM
Source of heading or term QuarkXPress 3.3
942 ## - ADDED ENTRY ELEMENTS (KOHA)
Source of classification or shelving scheme Library of Congress Classification
Koha item type Books
Suppress in OPAC No
999 ## -
-- 814
-- 814
Holdings
Withdrawn status Lost status Source of classification or shelving scheme Damaged status Not for loan Collection Home library Current library Shelving location Date acquired Total checkouts Full call number Barcode Date last seen Copy number Price effective from Koha item type
    Library of Congress Classification     Non-fiction Business Library (Miotso) Business Library (Miotso) General stacks 11/02/2024   Z253.532 .Q3 WEI BSSM00000166 11/07/2024 1 11/02/2024 Books
© 2023-2024 Copyright: Central University Libraries. All Rights Reserved | Created by: Mahone Tech Office